• 首页
  • 本馆介绍
  • 公告通知
  • 最新文献
  • 馆藏检索
  • 电子资源
  • 读者导购
  • 参考咨询
  • 我的图书馆
  • 登录
  • 详细信息显示
  • 放入我的书架
  • 预约/预借图书
  • 作者相关作品
  • 分类相关作品
  • 丛书相关作品
  • 出版社相关作品

书目信息

  • 表格格式
  • 工作单格式
  • 卡片格式
题名:
手把件鉴赏购买指南
    
 
作者: ;潮流收藏编辑部 编著
分册:  
出版信息: 北京   北京联合出版公司  2014
页数: 194页
开本: 28cm
丛书名:
单 册:
中图分类: TS933 , F768.7
科图分类:
主题词: 石料美术制品--鉴赏 , 石料美术制品--选购
电子资源:
ISBN: 978-7-5502-3353-9
000 00895nam0 2200265 450
001 339258
005 20150608095752.04
010    @a978-7-5502-3353-9@dCNY99.00
100    @a20141010d2014 em y0chiy50 ea
101 0  @achi
102    @aCN@b110000
105    @aa z 000yy
106    @ar
200 1  @a手把件鉴赏购买指南@Ashou ba jian jian shang gou mai zhi nan@f潮流收藏编辑部编著
210    @a北京@c北京联合出版公司@d2014
215    @a194页@c彩照@d28cm
300    @a紫图书库5011 潮流收藏11/黄利主编
330    @a本书为读者提供了最新、最详细、最真实的手把件选购、鉴赏、收藏信息, 一手市场实拍图, 所挑选的把件既有罕见的珍品、也有接地气的佳物。
606 0  @a石料美术制品@x鉴赏
606 0  @a石料美术制品@x选购
690    @aTS933@v5
690    @aF768.7@v5
711 02 @a潮流收藏编辑部@Achao liu shou cang bian ji bu@4编著
801  0 @aCN@b卓展宏图@c20150525
905    @dTS933@e42@f5
    
    手把件鉴赏购买指南/潮流收藏编辑部编著.-北京:北京联合出版公司,2014
    194页:彩照;28cm
    紫图书库5011 潮流收藏11/黄利主编
    
    ISBN 978-7-5502-3353-9:CNY99.00
    本书为读者提供了最新、最详细、最真实的手把件选购、鉴赏、收藏信息, 一手市场实拍图, 所挑选的把件既有罕见的珍品、也有接地气的佳物。
●
相关链接 在E读中查询图书 在五车中查询图书 在当当中查询图书 在豆瓣中查询图书


正题名:手把件鉴赏购买指南     索取号:TS933/42         预约/预借

序号 登录号 条形码 馆藏地/架位号 状态 备注
1 864296   208642968   第二样本阅览室/ [索取号:TS933/42] 在馆    
2 864297   208642977   第三借阅区/ [索取号:TS933/42] 在馆    
3 864298   208642986   第三借阅区/ [索取号:TS933/42] 在馆    
4 864299   208642995   第三借阅区/ [索取号:TS933/42] 在馆    
5 864300   208643002   第三借阅区/ [索取号:TS933/42] 在馆    
唐山师范学院图书馆 欢迎您!
大连网信软件有限公司© 版权所有